G European Union Cities Quiz Stats

 Plays Quiz not verified by Sporcle

Support Sporcle.
Go Orange.
Score 0/23 Timer 08:00
1 Play Today
Population City % Correct
590,507Glasgow
99.1%
526,089Gothenburg
98.6%
582,320Genoa
97.6%
460,427Gdańsk
97.2%
265,778Graz
96%
248,813Ghent
93.7%
237,818Granada
84.6%
157,424Grenoble
83.8%
195,483Groningen
83.8%
275,274Gijón
80.4%
248,726Gdynia
80%
257,607Gelsenkirchen
78.7%
Population City % Correct
249,432Galaţi
71.9%
136,362Gloucester
68.1%
128,567Győr
64.9%
116,650Göttingen
63.3%
172,526Getafe
59.6%
186,210Gliwice
53.6%
104,157Gillingham
45.5%
120,046Gateshead
44.1%
110,473Giugliano in Campania
34.5%
124,609Gorzów Wielkopolski
31.7%
119,926Gabrovo
26.2%

You're not logged in!

Compare scores with friends on all Sporcle quizzes.
OR
Log In

From the Vault

'Titanic' Start to Finish

by Thebiguglyalien

We all know how this one ends.
Remove Ads.
Support Sporcle.
Get the best of Sporcle when you Go Orange. This ad-free experience offers more features, more stats, and more fun while also helping to support Sporcle. Thank you for becoming a member.

Show Comments

Extras

Top Quizzes Today


Score Distribution

Your Account Isn't Verified!

In order to create a playlist on Sporcle, you need to verify the email address you used during registration. Go to your Sporcle Settings to finish the process.

Report this User

Report this user for behavior that violates our Community Guidelines.

Details: